|
|
|
|
| LEADER |
01014nam a22002057a 4500 |
| 008 |
130725b xxu||||| |||| 00| 0 eng d |
| 999 |
|
|
|c 1857
|d 1857
|
| 020 |
|
|
|a 9798188011086
|
| 082 |
|
|
|a 808.899282
|b SAN
|
| 100 |
|
|
|a ശങ്കരനാരയണന്, പി. എെ.
|
| 240 |
|
|
|a Atum kazhinjalo
|
| 245 |
|
|
|a അതും കഴിഞ്ഞാലോ ? /
|c പി. എെ. ശങ്കരനാരയണന്
|
| 260 |
|
|
|a കോഴിക്കോട് :
|b ലിപി പബ്നിക്കേഷന്സ്,
|c 2006.
|
| 300 |
|
|
|a 64p.
|
| 650 |
|
|
|a Children's literature
|
| 650 |
|
|
|a ബാലസാഹിത്യം
|
| 700 |
|
|
|a Sankaranarayanan, P. I.
|
| 942 |
|
|
|2 ddc
|c BK
|
| 952 |
|
|
|0 0
|1 0
|2 ddc
|4 0
|6 808_899282000000000_SAN
|7 0
|9 2040
|a MAIN
|b MAIN
|d 2013-07-25
|e Lipi Publications
|g 35.00
|o 808.899282 SAN
|p 2163
|r 2017-05-05
|w 2013-07-25
|y BK
|
| 952 |
|
|
|0 0
|1 0
|2 ddc
|4 0
|6 808_899282000000000_SAN
|7 0
|9 25678
|a MAIN
|b MAIN
|d 2017-05-23
|e Lipi Publications
|g 35.00
|o 808.899282 SAN
|p 24810
|r 2017-05-23
|t 1
|w 2017-05-23
|y BK
|